| 000 | 00381nam a2200157 4500 | ||
|---|---|---|---|
| 005 | 20260202145627.0 | ||
| 008 | cuc123 | ||
| 020 | _a9780273657644 | ||
| 050 |
_aHF 5437 LYS _b1 |
||
| 100 | _aLYSONS, Kenneth | ||
| 245 | _aPurchsing and supply chain management | ||
| 260 |
_aHARLOW _bPRENTICE HALL _c2003 |
||
| 300 | _aXVI,780p | ||
| 700 | _aGILLINGHAM, Michael | ||
| 942 |
_2lcc _cBK _n0 |
||
| 999 |
_c8649 _d8649 |
||